Strength of Materials and Structures (Record no. 544982)
[ view plain ]
| 000 -LEADER | |
|---|---|
| fixed length control field | 00341nam a22001337a 4500 |
| 022 ## - INTERNATIONAL STANDARD SERIAL NUMBER | |
| International Standard Serial Number | 0340568291 |
| 082 ## - DEWEY DECIMAL CLASSIFICATION NUMBER | |
| Classification number | 620.11 |
| Author Mark | CAS |
| -- | L-21, P-82 |
| 100 ## - MAIN ENTRY--PERSONAL NAME | |
| Personal name | Case John |
| 9 (RLIN) | 40726 |
| 245 ## - TITLE STATEMENT | |
| Title | Strength of Materials and Structures |
| 300 ## - PHYSICAL DESCRIPTION | |
| Extent | 502p. : |
| Other physical details | ills. ; |
| 526 ## - STUDY PROGRAM INFORMATION NOTE | |
| Program name | 0 |
| Interest level | 0 |
| Reading level | 0 |
| Title point value | 620_110000000000000_CAS |
| 650 ## - SUBJECT ADDED ENTRY--TOPICAL TERM | |
| Topical term or geographic name entry element | MCE |
| 9 (RLIN) | 379 |
| 942 ## - ADDED ENTRY ELEMENTS (KOHA) | |
| Source of classification or shelving scheme | |
| Koha item type | Book |
| Withdrawn status | Lost status | Source of classification or shelving scheme | Damaged status | Not for loan | Permanent Location | Current Location | Date acquired | Total Checkouts | Full call number | Barcode | Date last seen | Price effective from | Koha item type |
|---|---|---|---|---|---|---|---|---|---|---|---|---|---|
| Military College of Engineering (MCE) | Military College of Engineering (MCE) | 05/15/2014 | 620.11 CAS | MCE-28424 | 05/15/2014 | 05/15/2014 | Book |
